000 00327 a2200133 4500
999 _c324932
_d324932
001 89859
003 NUST
082 _a070.442 ALT
100 _aAltaf Gohar
_99643
245 _aLikhtay Rahay Janon ki Hakayat
260 _aLahore
_bSang-e-meel Publications
_c2009
300 _a486p.
500 _aGeneral Books
942 _aCAE NUST
_cBK
_k070.442 ALT
_2ddc